[Event "DEN-ch Seniors"]
[Site "Aalborg"]
[Date "2023.02.19"]
[Round "6"]
[White "Andreasen, Per Naesby"]
[Black "Thuesen, Mogens Henrik"]
[Result "1-0"]
[WhiteElo "2229"]
[BlackElo "2137"]
[PlyCount "59"]
[EventDate "2023.02.19"]
[EventType "swiss"]
[EventRounds "7"]
[EventCountry "DEN"]
[SourceTitle "CBM 213 Extra"]
[Source "ChessBase"]
[SourceDate "2023.05.31"]
[SourceVersion "1"]
[SourceVersionDate "2023.05.31"]
[SourceQuality "1"]

1. c4 e5 2. Nc3 Nc6 3. e3 Nf6 4. Nf3 Bb4 5. Nd5 Be7 6. d4 exd4 7. Nxe7 Qxe7 8. Nxd4 Ne4 9. a3 a5 10. Be2 0-0 11. 0-0 a4 12. Bd3 d6 13. Qc2 Nf6 14. Nxc6 bxc6 15. Bd2 c5 16. Bc3 h6 17. Rae1 Bb7 18. e4 Nd7 19. f4 Nb6 20. e5 d5 21. cxd5 Bxd5 22. f5 Qg5 23. Be4 Rad8 24. Rf3 Bxe4 25. Qxe4 Nd5 26. Rg3 Nxc3 27. bxc3 Qd2 28. f6 g5 29. e6 Rfe8 30. exf7+ 1-0

[Event "DEN-ch Seniors"]
[Site "Aalborg"]
[Date "2023.02.19"]
[Round "7"]
[White "Kolbak, Jens"]
[Black "Andreasen, Per Naesby"]
[Result "1/2-1/2"]
[WhiteElo "2134"]
[BlackElo "2229"]
[PlyCount "95"]
[EventDate "2023.02.19"]
[EventType "swiss"]
[EventRounds "7"]
[EventCountry "DEN"]
[SourceTitle "CBM 213 Extra"]
[Source "ChessBase"]
[SourceDate "2023.05.31"]
[SourceVersion "1"]
[SourceVersionDate "2023.05.31"]
[SourceQuality "1"]

1. e4 d6 2. d4 Nf6 3. Nc3 g6 4. Nf3 Bg7 5. Be2 0-0 6. 0-0 Bg4 7. Bg5 Nc6 8. Re1 h6 9. Be3 e5 10. d5 Ne7 11. Qd2 Kh7 12. Rad1 Bd7 13. h3 Nfg8 14. Nh2 f5 15. f3 f4 16. Bf2 Nf6 17. Bb5 Bc8 18. a4 g5 19. Be2 h5 20. Qd3 Neg8 21. Qc4 a6 22. b4 Nh6 23. Rd3 g4 24. hxg4 hxg4 25. fxg4 Nfxg4 26. Nxg4 Bxg4 27. Bxg4 Nxg4 28. Rh3+ Kg8 29. Nd1 Rf7 30. Qe2 Qd7 31. a5 Raf8 32. Qf3 Rf6 33. Rh5 Rg6 34. Bh4 Bh6 35. Kh1 Rf7 36. Re2 Rh7 37. Kg1 Bf8 38. Rg5 Rxg5 39. Bxg5 Rg7 40. Bh4 Qf7 41. Nf2 Qh5 42. Nxg4 Qxh4 43. Nh2 Be7 44. Qf2 Qh5 45. Nf3 Rh7 46. Kf1 Qg4 47. Ke1 Bh4 48. Nxh4 1/2-1/2

[Event "DEN-ch Seniors 65"]
[Site "Aalborg"]
[Date "2022.02.26"]
[Round "7"]
[White "Andreasen, Per Naesby"]
[Black "Mikkelsen, Peter Jorgen Dam"]
[Result "1-0"]
[WhiteElo "2219"]
[BlackElo "2148"]
[PlyCount "45"]
[EventDate "2022.02.20"]
[EventType "swiss"]
[EventRounds "7"]
[EventCountry "DEN"]
[SourceTitle "EXT 2024"]
[Source "ChessBase"]
[SourceDate "2023.10.10"]
[SourceVersion "1"]
[SourceVersionDate "2023.10.10"]
[SourceQuality "1"]

1. Nf3 d5 2. g3 c6 3. b3 Bg4 4. Bb2 Nd7 5. Bg2 e6 6. d3 h5 7. Nbd2 Ngf6 8. h3 Bf5 9. c4 Qc7 10. Rc1 a6 11. 0-0 Be7 12. cxd5 exd5 13. e4 dxe4 14. dxe4 Be6 15. Nd4 0-0-0 16. Nxe6 fxe6 17. Qe2 Nc5 18. e5 Nd5 19. Nc4 Nb4 20. Nd6+ Rxd6 21. exd6 Bxd6 22. Rfd1 h4 23. Rxc5 1-0

[Event "DEN-ch Seniors 65"]
[Site "Aalborg"]
[Date "2022.02.20"]
[Round "1"]
[White "Andreasen, Per Naesby"]
[Black "Mortensen, Steen Juul"]
[Result "1-0"]
[WhiteElo "2219"]
[BlackElo "1888"]
[PlyCount "49"]
[EventDate "2022.02.20"]
[EventType "swiss"]
[EventRounds "7"]
[EventCountry "DEN"]
[SourceTitle "EXT 2024"]
[Source "ChessBase"]
[SourceDate "2023.10.10"]
[SourceVersion "1"]
[SourceVersionDate "2023.10.10"]
[SourceQuality "1"]

1. Nf3 Nf6 2. c4 c5 3. Nc3 Nc6 4. e3 g6 5. d4 cxd4 6. exd4 d5 7. cxd5 Nxd5 8. Qb3 Nxc3 9. Bc4 e6 10. bxc3 Bd7 11. Bd3 Qc7 12. 0-0 Na5 13. Qd1 Bg7 14. Ba3 Nc4 15. Bxc4 Qxc4 16. Ne5 Qc7 17. Re1 Rd8 18. Qb3 Bf8 19. d5 Bxa3 20. Qxa3 Bc8 21. Rad1 b6 22. c4 Rd6 23. Ng4 f5 24. Qb2 Rf8 25. Nf6+ 1-0

[Event "Aalborg Larsen Memorial"]
[Site "Aalborg"]
[Date "2014.10.18"]
[Round "6"]
[White "Andreasen, Per Naesby"]
[Black "Pritchett, Craig William"]
[Result "1/2-1/2"]
[WhiteElo "2252"]
[BlackElo "2315"]
[PlyCount "70"]
[EventDate "2014.10.13"]
[EventType "swiss"]
[EventRounds "7"]
[EventCountry "DEN"]
[SourceTitle "EXT 2015"]
[Source "ChessBase"]
[SourceDate "2014.11.20"]
[SourceVersion "1"]
[SourceVersionDate "2014.11.20"]
[SourceQuality "1"]

1. d4 Nf6 2. c4 e6 3. Nf3 Bb4+ 4. Bd2 Qe7 5. g3 Nc6 6. Bg2 Bxd2+ 7. Nbxd2 d6 8. 0-0 a5 9. e4 e5 10. d5 Nb8 11. Qc2 0-0 12. b3 Na6 13. a3 c6 14. Rfe1 Bd7 15. Qc3 Nc5 16. b4 axb4 17. axb4 Rxa1 18. Qxa1 Nd3 19. Rb1 c5 20. b5 Nb4 21. Ne1 h5 22. Qc3 h4 23. Ra1 hxg3 24. hxg3 Ng4 25. Ra7 Bc8 26. Ra8 g6 27. Nef3 Kg7 28. Bh3 Bd7 29. Ra7 Rh8 30. Nh4 Bc8 31. Ra8 Bd7 32. Ra7 Bc8 33. Ra8 Bd7 34. Ra7 Bc8 35. Ra8 Bd7 1/2-1/2

[Event "Copenhagen Obro New Year op"]
[Site "Copenhagen"]
[Date "2013.12.30"]
[Round "6"]
[White "Andreasen, Per Naesby"]
[Black "Korley, Kassa"]
[Result "1/2-1/2"]
[WhiteElo "2232"]
[BlackElo "2343"]
[PlyCount "86"]
[EventDate "2013.12.27"]
[EventType "swiss"]
[EventRounds "7"]
[EventCountry "DEN"]
[SourceTitle "EXT 2018"]
[Source "ChessBase"]
[SourceDate "2017.10.13"]
[SourceVersion "1"]
[SourceVersionDate "2017.10.13"]
[SourceQuality "1"]

1. Nf3 d5 2. g3 Nf6 3. Bg2 g6 4. d4 Bg7 5. c4 0-0 6. cxd5 Nxd5 7. 0-0 Nb6 8. Nc3 Nc6 9. e3 Re8 10. b3 e5 11. dxe5 Nxe5 12. Nxe5 Bxe5 13. Bb2 c6 14. Qe2 Qe7 15. Rad1 Be6 16. f4 Bxc3 17. Bxc3 Bg4 18. Qxg4 Qxe3+ 19. Kh1 Qxc3 20. f5 Rad8 21. Rxd8 Rxd8 22. Qf4 Qd4 23. fxg6 Qxf4 24. gxh7+ Kxh7 25. Rxf4 Kg7 26. h4 Rd1+ 27. Kh2 Rd2 28. a4 Nd5 29. Rf3 a5 30. Kh3 Nf6 31. Rf5 Rd3 32. Rg5+ Kf8 33. Rf5 Nd5 34. Bxd5 cxd5 35. h5 Kg7 36. h6+ Kxh6 37. Rxf7 b5 38. Ra7 Rxb3 39. Rxa5 bxa4 40. Rxd5 a3 41. Ra5 Kg6 42. Kh4 Kf6 43. g4 Kg6 1/2-1/2

[Event "DEN-chT 1314 52nd"]
[Site "Denmark"]
[Date "2013.11.03"]
[Round "2.3"]
[White "Andreasen, Per Naesby"]
[Black "Rasmussen, Karsten"]
[Result "1/2-1/2"]
[WhiteElo "2232"]
[BlackElo "2419"]
[PlyCount "147"]
[EventDate "2013.11.02"]
[EventType "team-tourn"]
[EventRounds "9"]
[EventCountry "DEN"]
[SourceTitle "EXT 2015"]
[Source "ChessBase"]
[SourceDate "2014.11.20"]
[SourceVersion "1"]
[SourceVersionDate "2014.11.20"]
[SourceQuality "1"]
[WhiteTeam "Norresundby"]
[BlackTeam "Aarhus/Skolerne"]
[WhiteTeamCountry "DEN"]
[BlackTeamCountry "DEN"]

1. c4 e5 2. Nc3 Nc6 3. e3 Nf6 4. Nf3 Bb4 5. Qc2 0-0 6. Nd5 Re8 7. a3 Bf8 8. d3 Nxd5 9. cxd5 Ne7 10. Nxe5 Nxd5 11. Nf3 Nf6 12. Be2 d5 13. 0-0 c5 14. b3 Bf5 15. Bb2 Rc8 16. Rac1 c4 17. Qd1 cxd3 18. Bxd3 Rxc1 19. Bxc1 Be4 20. Bxe4 dxe4 21. Qxd8 Rxd8 22. Nd4 Nd7 23. Nb5 a6 24. Nc3 f5 25. Rd1 Rc8 26. Bb2 Nc5 27. b4 Nd3 28. Ba1 g6 29. f3 Bg7 30. Nd5 Rc2 31. Bxg7 Kxg7 32. fxe4 fxe4 33. Rb1 h5 34. h3 h4 35. b5 a5 36. b6 a4 37. Nc7 Rc3 38. Ne8+ Kf8 39. Nd6 Nc5 40. Rb4 Rxe3 41. Rc4 Re1+ 42. Kh2 Nd7 43. Nxe4 Nxb6 44. Rb4 Nd5 45. Rxa4 Ne3 46. Ng5 Re2 47. Ne6+ Kf7 48. Nf4 Ra2 49. Rb4 g5 50. Rxb7+ Kf6 51. Nd3 Rxg2+ 52. Kh1 Rd2 53. Rb3 Nf5 54. Kg1 Nd4 55. Rb6+ Kf5 56. Nf2 Ra2 57. Rb4 Ne2+ 58. Kf1 Ng3+ 59. Kg2 Rxa3 60. Rb5+ Kf4 61. Rb4+ Ke3 62. Rb5 Ra2 63. Rb3+ Ke2 64. Rb5 Nf1 65. Ng4 Ke1+ 66. Kg1 Nd2 67. Re5+ Kd1 68. Nf2+ Kc2 69. Kg2 Kc3 70. Rxg5 Ne4 71. Rf5 Kd4 72. Rf4 Rxf2+ 73. Rxf2 Nxf2 74. Kxf2 1/2-1/2

[Event "Reykjavik op"]
[Site "Reykjavik"]
[Date "2013.02.22"]
[Round "5"]
[White "Murray, Michael A"]
[Black "Andreasen, Per Naesby"]
[Result "0-1"]
[WhiteElo "2017"]
[BlackElo "2302"]
[PlyCount "76"]
[EventDate "2013.02.19"]
[EventType "swiss"]
[EventRounds "10"]
[EventCountry "ISL"]
[SourceTitle "CBM 153 Extra"]
[Source "ChessBase"]
[SourceDate "2013.04.22"]
[SourceVersion "1"]
[SourceVersionDate "2013.04.22"]
[SourceQuality "1"]

1. e4 g6 2. Nc3 c6 3. f4 d5 4. e5 h5 5. Nf3 Nh6 6. d4 Bg4 7. Be2 e6 8. 0-0 Nf5 9. h3 Bxf3 10. Bxf3 c5 11. Ne2 cxd4 12. Qd3 Nc6 13. a3 Bc5 14. b4 Bb6 15. Bb2 Ne3 16. Rfb1 Nxc2 17. Ra2 Qh4 18. Kh2 Ne1 19. Qd2 Nxf3+ 20. gxf3 Qf2+ 21. Kh1 Qxf3+ 22. Kh2 Qf2+ 23. Kh1 Qe3 24. Qxe3 dxe3 25. Ba1 Kd7 26. a4 Rhc8 27. a5 Bd8 28. Nc3 Be7 29. b5 Nb4 30. Ra4 Rc4 31. Ne2 Rac8 32. a6 bxa6 33. bxa6 Nc2 34. Rb7+ R8c7 35. Rxc4 dxc4 36. Bd4 Nxd4 37. Nxd4 Rxb7 38. axb7 Kc7 0-1

[Event "Aalborg Larsen Memorial"]
[Site "Aalborg"]
[Date "2012.10.17"]
[Round "3"]
[White "Nielsen, Poul Erik"]
[Black "Andreasen, Per Naesby"]
[Result "0-1"]
[WhiteElo "2079"]
[BlackElo "2296"]
[PlyCount "74"]
[EventDate "2012.10.15"]
[EventType "swiss"]
[EventRounds "7"]
[EventCountry "DEN"]
[SourceTitle "EXT 2013"]
[Source "ChessBase"]
[SourceDate "2012.11.22"]
[SourceVersion "1"]
[SourceVersionDate "2012.11.22"]
[SourceQuality "1"]

1. e4 g6 2. Nf3 Bg7 3. g3 d6 4. d3 Nf6 5. Bg2 0-0 6. 0-0 c5 7. Nbd2 Nc6 8. Re1 Qc7 9. Nf1 b6 10. e5 dxe5 11. Nxe5 Bb7 12. Nxc6 Bxc6 13. Bxc6 Qxc6 14. Rxe7 h5 15. h4 Ng4 16. Re2 Rae8 17. c3 Qf3 18. Be3 Re6 19. Re1 Rxe3 20. fxe3 Qf2+ 21. Kh1 Qxb2 22. Qe2 Qxc3 23. Rad1 Re8 24. Qf3 Bh6 25. Re2 Re6 26. Nh2 Nxe3 27. Rde1 Kg7 28. g4 Rf6 29. Qe4 Nxg4 30. Nxg4 hxg4 31. Rg1 Rf4 32. Qd5 Qf6 33. h5 Rf5 34. Qa8 Rxh5+ 35. Kg2 Qf4 36. Rge1 Qh2+ 37. Kf1 Rf5+ 0-1

[Event "Pula op 26th"]
[Site "Pula"]
[Date "2012.06.15"]
[Round "8"]
[White "Skelac, Darko"]
[Black "Andreasen, Per Naesby"]
[Result "1/2-1/2"]
[WhiteElo "2156"]
[BlackElo "2277"]
[PlyCount "23"]
[EventDate "2012.06.09"]
[EventType "swiss"]
[EventRounds "9"]
[EventCountry "CRO"]
[SourceTitle "CBM 148 Extra"]
[Source "ChessBase"]
[SourceDate "2012.06.22"]
[SourceVersion "1"]
[SourceVersionDate "2012.06.22"]
[SourceQuality "1"]

1. e4 g6 2. d4 Bg7 3. Nc3 d6 4. f4 a6 5. Nf3 b5 6. Bd3 Nd7 7. Be3 Bb7 8. e5 Nh6 9. Qe2 c5 10. dxc5 Nxc5 11. Bxc5 dxc5 12. 0-0-0 1/2-1/2

[Event "Pula op 26th"]
[Site "Pula"]
[Date "2012.06.12"]
[Round "4"]
[White "Luft, Dennis"]
[Black "Andreasen, Per Naesby"]
[Result "1-0"]
[WhiteElo "2043"]
[BlackElo "2277"]
[PlyCount "57"]
[EventDate "2012.06.09"]
[EventType "swiss"]
[EventRounds "9"]
[EventCountry "CRO"]
[SourceTitle "CBM 148 Extra"]
[Source "ChessBase"]
[SourceDate "2012.06.22"]
[SourceVersion "1"]
[SourceVersionDate "2012.06.22"]
[SourceQuality "1"]

1. e4 g6 2. d4 Bg7 3. Nc3 d6 4. Be3 a6 5. f4 b5 6. Nf3 Bb7 7. Bd3 Nd7 8. Qe2 c5 9. dxc5 Nxc5 10. Bxc5 dxc5 11. e5 Nh6 12. 0-0 0-0 13. a4 Qb6 14. Kh1 c4 15. Be4 Bxe4 16. Qxe4 Rad8 17. h3 Nf5 18. Kh2 e6 19. Ne2 Rd7 20. axb5 axb5 21. Rfd1 Rxd1 22. Rxd1 Qf2 23. Nfd4 Rd8 24. Nxe6 Re8 25. Rd8 Rxd8 26. Nxd8 Bh6 27. e6 Ne3 28. exf7+ Kg7 29. Qe5+ 1-0

[Event "Copenhagen Bronshoj op"]
[Site "Copenhagen"]
[Date "2012.02.13"]
[Round "6"]
[White "Stojanovski, Sandi"]
[Black "Andreasen, Per Naesby"]
[Result "0-1"]
[WhiteElo "2232"]
[BlackElo "2251"]
[PlyCount "80"]
[EventDate "2012.02.10"]
[EventType "swiss"]
[EventRounds "7"]
[EventCountry "DEN"]
[SourceTitle "EXT 2015"]
[Source "ChessBase"]
[SourceDate "2014.11.20"]
[SourceVersion "1"]
[SourceVersionDate "2014.11.20"]
[SourceQuality "1"]

1. d4 g6 2. c4 Bg7 3. Nc3 d6 4. e4 e5 5. Nf3 Nc6 6. d5 Nce7 7. Be2 f5 8. exf5 gxf5 9. Ng5 Nf6 10. f4 0-0 11. 0-0 e4 12. Be3 h6 13. Nh3 c5 14. Nf2 Kh8 15. Rb1 Rg8 16. b4 b6 17. bxc5 bxc5 18. Qa4 Ng4 19. Bxg4 Bxc3 20. Rb3 Bd4 21. Bh5 Bd7 22. Qa6 Nc8 23. Rd1 Bxe3 24. Rxe3 Qh4 25. Bf7 Rg7 26. Be6 Bxe6 27. dxe6 Qxf4 28. Rg3 e3 29. Nh3 e2 30. Re1 Qd4+ 31. Nf2 Qd2 32. Nd3 Rxg3 33. hxg3 Qxd3 34. Qb7 Nb6 35. Qf7 Qd4+ 36. Kh2 Qg7 37. Qxf5 Rg8 38. Qf4 Nxc4 39. Rxe2 Ne5 40. Rd2 Ng4+ 0-1

[Event "Copenhagen Bronshoj op"]
[Site "Copenhagen"]
[Date "2012.02.10"]
[Round "1"]
[White "Andreasen, Per Naesby"]
[Black "Rydstrom, Tom"]
[Result "1/2-1/2"]
[WhiteElo "2251"]
[BlackElo "1951"]
[PlyCount "83"]
[EventDate "2012.02.10"]
[EventType "swiss"]
[EventRounds "7"]
[EventCountry "DEN"]
[SourceTitle "EXT 2015"]
[Source "ChessBase"]
[SourceDate "2014.11.20"]
[SourceVersion "1"]
[SourceVersionDate "2014.11.20"]
[SourceQuality "1"]

1. Nf3 d5 2. g3 Nf6 3. Bg2 e6 4. d4 Be7 5. 0-0 0-0 6. c4 Nbd7 7. Nbd2 b6 8. cxd5 Nxd5 9. e4 N5f6 10. e5 Nd5 11. Ne4 h6 12. b3 Ba6 13. Re1 Rc8 14. a3 c5 15. Bb2 cxd4 16. Bxd4 Nc5 17. Bxc5 Bxc5 18. Nxc5 bxc5 19. Qc2 Qa5 20. Nd2 Qc3 21. Rac1 Qxc2 22. Rxc2 Bd3 23. Rcc1 Nb6 24. Rc3 Bg6 25. Rec1 Rfd8 26. Ne4 Bxe4 27. Bxe4 Rd4 28. Bg2 c4 29. Bf1 Re4 30. f4 g5 31. Bxc4 gxf4 32. gxf4 Rxf4 33. Ba6 Rd8 34. Rc7 Rd2 35. Rxa7 Rg4+ 36. Kh1 Rh4 37. Rg1+ Kf8 38. Rg2 Rd1+ 39. Rg1 Rd2 40. Rg2 Rd1+ 41. Rg1 Rd2 42. Rg2 1/2-1/2

[Event "Zlatni Rat op 2nd"]
[Site "Bol"]
[Date "2011.09.15"]
[Round "7"]
[White "Scharrer, Patrick"]
[Black "Andreasen, Per Naesby"]
[Result "1-0"]
[WhiteElo "2269"]
[BlackElo "2245"]
[PlyCount "93"]
[EventDate "2011.09.10"]
[EventType "swiss"]
[EventRounds "9"]
[EventCountry "CRO"]
[SourceTitle "CBM 144 Extra"]
[Source "ChessBase"]
[SourceDate "2011.10.28"]
[SourceVersion "1"]
[SourceVersionDate "2011.10.28"]
[SourceQuality "1"]

1. e4 g6 2. d4 Bg7 3. Nc3 d6 4. Be3 a6 5. Qd2 Nd7 6. h4 h5 7. Nh3 b5 8. Ng5 Bb7 9. 0-0-0 Rc8 10. f4 Nh6 11. e5 Nb6 12. Bd3 e6 13. Rhe1 d5 14. Kb1 Qd7 15. Ne2 Bf8 16. Ng3 Nc4 17. Qe2 Nxe3 18. Qxe3 c5 19. f5 gxf5 20. Nxh5 Ng4 21. Nf6+ Nxf6 22. exf6 Kd8 23. Nf3 Rc7 24. Ne5 Qd6 25. Bxf5 Rxh4 26. Qg3 Rh6 27. dxc5 Qxc5 28. Nxf7+ Rxf7 29. Bxe6 Rc7 30. Qg5 Qxc2+ 31. Ka1 Rc5 32. Bxd5 Kc7 33. Qf4+ Kb6 34. Bxb7 Kxb7 35. Rd7+ Kb6 36. Qb8+ Ka5 37. Qd8+ Ka4 38. b3+ Kb4 39. Rd4+ Rc4 40. Rxc4+ bxc4 41. Qb6+ Kc3 42. Re3+ Kd2 43. Qd4+ Qd3 44. Rxd3+ cxd3 45. Kb2 Rh1 46. Qf2+ Kd1 47. Kc3 1-0

[Event "Zlatni Rat op 2nd"]
[Site "Bol"]
[Date "2011.09.11"]
[Round "3"]
[White "Milosavljevic, Jovan"]
[Black "Andreasen, Per Naesby"]
[Result "0-1"]
[WhiteElo "2136"]
[BlackElo "2245"]
[PlyCount "64"]
[EventDate "2011.09.10"]
[EventType "swiss"]
[EventRounds "9"]
[EventCountry "CRO"]
[SourceTitle "CBM 144 Extra"]
[Source "ChessBase"]
[SourceDate "2011.10.28"]
[SourceVersion "1"]
[SourceVersionDate "2011.10.28"]
[SourceQuality "1"]

1. d4 g6 2. c4 Bg7 3. Nf3 d6 4. Nc3 e5 5. e4 exd4 6. Nxd4 Nc6 7. Be3 Nge7 8. Be2 0-0 9. g4 Be6 10. Nxe6 fxe6 11. Qd2 e5 12. 0-0-0 Nd4 13. h4 Qd7 14. Rdg1 Nxe2+ 15. Qxe2 Nc6 16. h5 Nd4 17. Qd1 a6 18. hxg6 hxg6 19. f4 Rxf4 20. Bxf4 exf4 21. Nd5 f3 22. Rh2 Ne2+ 23. Rxe2 fxe2 24. Qxe2 Rf8 25. g5 c6 26. Nc3 Qe7 27. Qg4 b5 28. c5 dxc5 29. Rh1 b4 30. Qh4 Rf3 31. Nd1 Qe5 32. Qg4 Qf4+ 0-1

[Event "Zlatni Rat op 2nd"]
[Site "Bol"]
[Date "2011.09.10"]
[Round "1"]
[White "Andreasen, Per Naesby"]
[Black "Barac, Josip"]
[Result "1-0"]
[WhiteElo "2245"]
[BlackElo "1677"]
[PlyCount "53"]
[EventDate "2011.09.10"]
[EventType "swiss"]
[EventRounds "9"]
[EventCountry "CRO"]
[SourceTitle "CBM 144 Extra"]
[Source "ChessBase"]
[SourceDate "2011.10.28"]
[SourceVersion "1"]
[SourceVersionDate "2011.10.28"]
[SourceQuality "1"]

1. Nf3 d5 2. g3 c6 3. Bg2 g6 4. d4 Bg7 5. 0-0 Nf6 6. c4 Ne4 7. Qb3 0-0 8. Nc3 Qb6 9. cxd5 Qxb3 10. axb3 Nxc3 11. bxc3 cxd5 12. Nd2 e5 13. Bxd5 exd4 14. cxd4 Bxd4 15. Ra4 Bb6 16. Ne4 Nd7 17. Bh6 Rd8 18. Bg5 Re8 19. Nd6 Rxe2 20. Nxf7 Kg7 21. Bh6+ Kf6 22. Rf4+ Ke7 23. Bg5+ Kf8 24. Nd6+ Kg7 25. Rf7+ Kh8 26. Rf8+ Kg7 27. Rg8# 1-0

[Event "Copenhagen Challenge"]
[Site "Ballerup"]
[Date "2011.05.22"]
[Round "8"]
[White "Andreasen, Per Naesby"]
[Black "Johansson, Linus"]
[Result "0-1"]
[WhiteElo "2269"]
[BlackElo "2131"]
[PlyCount "50"]
[EventDate "2011.05.18"]
[EventType "swiss"]
[EventRounds "9"]
[EventCountry "DEN"]
[SourceTitle "EXT 2018"]
[Source "ChessBase"]
[SourceDate "2017.10.13"]
[SourceVersion "1"]
[SourceVersionDate "2017.10.13"]
[SourceQuality "1"]

1. Nf3 Nf6 2. c4 e6 3. g3 b6 4. Bg2 Bb7 5. 0-0 c5 6. Nc3 a6 7. b3 d6 8. Bb2 Qc7 9. e3 Be7 10. d4 cxd4 11. exd4 0-0 12. d5 e5 13. Nh4 Re8 14. f4 exf4 15. Rxf4 Nbd7 16. Nf5 Bf8 17. Ne4 Nxe4 18. Bxe4 Ne5 19. Qh5 g6 20. Nh6+ Bxh6 21. Qxh6 f5 22. Bxf5 gxf5 23. Rxf5 Qc5+ 24. Kg2 Bxd5+ 25. cxd5 Qc2+ 0-1

[Event "Gibraltar Masters 9th"]
[Site "Caleta"]
[Date "2011.01.29"]
[Round "5"]
[White "Phillips, Owen S"]
[Black "Andreasen, Per Naesby"]
[Result "0-1"]
[WhiteElo "1992"]
[BlackElo "2239"]
[PlyCount "44"]
[EventDate "2011.01.25"]
[EventType "swiss"]
[EventRounds "10"]
[EventCountry "GGB"]
[SourceTitle "CBM 141"]
[Source "ChessBase"]
[SourceDate "2011.03.17"]
[SourceVersion "1"]
[SourceVersionDate "2011.03.17"]
[SourceQuality "1"]

1. e4 g6 2. d4 Bg7 3. c3 d6 4. Be3 Nf6 5. f3 Nc6 6. Na3 e5 7. d5 Nb8 8. Qd2 Nbd7 9. Bh6 Nxe4 10. Bxg7 Nxd2 11. Bxh8 Nxf1 12. Kxf1 Kf8 13. h4 Kg8 14. h5 Kxh8 15. hxg6 fxg6 16. Nh3 Nf6 17. g4 Nxd5 18. c4 Nf4 19. Nxf4 exf4 20. Re1 Bd7 21. Re2 Bc6 22. Kf2 Qf6 0-1